German limited liability company

German Limited Liability Company covers the following key areas: nuts and bolts overview of German corporate law - choice of entity, formation, shareholders' and directors' duties, articles of association, registration formalities. Corporate finance and corporate law - debt and equity fin...

全面介绍

Đã lưu trong:
书目详细资料
格式: 图书
语言:Undetermined
出版: Chichester John Wiley 1996
主题:
标签: 添加标签
没有标签, 成为第一个标记此记录!
Thư viện lưu trữ: Trung tâm Học liệu Trường Đại học Cần Thơ
LEADER 01144nam a2200205Ia 4500
001 CTU_27116
008 210402s9999 xx 000 0 und d
020 |c 254.41 
082 |a 346.430668 
082 |b G373 
245 0 |a German limited liability company 
245 0 |c edited by Rüdiger Volhard and Arndt Stengel. 
260 |a Chichester 
260 |b John Wiley 
260 |c 1996 
520 |a German Limited Liability Company covers the following key areas: nuts and bolts overview of German corporate law - choice of entity, formation, shareholders' and directors' duties, articles of association, registration formalities. Corporate finance and corporate law - debt and equity financing, capital measures, mergers and reorganisations, rescue restructures. Introduction to German tax law, tax-efficient structuring of an acquisition, thin capitalization, non-resident directors 
650 |a Private companies,Corporation law,Luật doanh nghiệp,Luật dân sự 
650 |z Germany,Germany,Nước Đức,Nước Đức 
904 |i Minh, 981130 
980 |a Trung tâm Học liệu Trường Đại học Cần Thơ